| 000 | 00469nam a2200181Ia 4500 | ||
|---|---|---|---|
| 003 | GCL | ||
| 008 | 140319s9999 xx 000 0 eng d | ||
| 040 |
_aGCL / _cGCL |
||
| 082 | 0 | 4 |
_a745.4 _bW I |
| 100 | 1 | _aWILSON, EVA | |
| 245 | 1 | 0 |
_aISLAMIC DESIGNS / _cWILSON, EVA |
| 260 |
_a[S.N] : _bBRITISH MUSUM PUBLICATIONS ، _c1995 |
||
| 300 | _a100 | ||
| 650 | 0 | 4 | _aPATTERNS |
| 650 | 0 | 4 | _aDECORATION AND ORNAMENT, ISLAMIC |
| 650 | 0 | 4 | _aISLAMIC PATTERNS |
| 942 |
_2ddc _cBK |
||
| 999 |
_c23878 _d23878 |
||